| 000 | 00419nam a2200181Ia 4500 | ||
|---|---|---|---|
| 005 | 20240823005344.0 | ||
| 008 | 240823s9999||||xx |||||||||||||| ||und|| | ||
| 041 | _aENGLISH | ||
| 082 | _A621.38153 M2 | ||
| 100 | _aPettit F R | ||
| 245 | 0 | _aPost-Digital Electronics | |
| 250 | _a1st | ||
| 260 |
_c1982 _b"Ellis,New York" |
||
| 500 | _aYES | ||
| 650 |
_aDigital _bInstrumentation |
||
| 942 | _cBK | ||
| 999 |
_c155483 _d155483 |
||